<?xml version="1.0" encoding="UTF-8"?>
<record
    xmlns:xsi="http://www.w3.org/2001/XMLSchema-instance"
    xsi:schemaLocation="http://www.loc.gov/MARC21/slim http://www.loc.gov/standards/marcxml/schema/MARC21slim.xsd"
    xmlns="http://www.loc.gov/MARC21/slim">

  <leader>00630nam a2200205   4500</leader>
  <controlfield tag="001">82956</controlfield>
  <controlfield tag="003">BD-RjUL</controlfield>
  <controlfield tag="005">20240205151345.0</controlfield>
  <controlfield tag="008">240205s1905    ii ||||| |||| 00| 0 per d</controlfield>
  <datafield tag="035" ind1=" " ind2=" ">
    <subfield code="a">(BD-RjUL)82956</subfield>
  </datafield>
  <datafield tag="040" ind1=" " ind2=" ">
    <subfield code="a">BD-RjUL</subfield>
    <subfield code="b">eng</subfield>
    <subfield code="c">BD-RjUL</subfield>
  </datafield>
  <datafield tag="041" ind1=" " ind2=" ">
    <subfield code="a">per</subfield>
  </datafield>
  <datafield tag="082" ind1=" " ind2=" ">
    <subfield code="2">23</subfield>
    <subfield code="a">891.558</subfield>
    <subfield code="b">SHS 1905</subfield>
  </datafield>
  <datafield tag="100" ind1="1" ind2="0">
    <subfield code="a">&#x627;&#x644;&#x634;&#x64A;&#x631;&#x627;&#x632;&#x64A;, &#x645;&#x62D;&#x645;&#x62F; &#x643;&#x627;&#x638;&#x645; ;; Shirazi, Muhammad Kazem</subfield>
    <subfield code="9">11457</subfield>
  </datafield>
  <datafield tag="245" ind1="1" ind2="0">
    <subfield code="a">&#x633;&#x647;&#x644; &#x627;&#x645;&#x648;&#x632; &#x641;&#x627;&#x631;&#x633;&#x64A;  ;; sahl amwz fari /</subfield>
    <subfield code="c">&#x645;&#x62D;&#x645;&#x62F; &#x643;&#x627;&#x638;&#x645; &#x627;&#x644;&#x634;&#x64A;&#x631;&#x627;&#x632;&#x64A; ;; Muhammad Kazem Al-Shirazi</subfield>
  </datafield>
  <datafield tag="300" ind1=" " ind2=" ">
    <subfield code="a">V. ;</subfield>
    <subfield code="c">22 cm</subfield>
  </datafield>
  <datafield tag="505" ind1=" " ind2=" ">
    <subfield code="a">Vol. 1.--</subfield>
  </datafield>
  <datafield tag="650" ind1=" " ind2=" ">
    <subfield code="a">Persian Literature</subfield>
  </datafield>
  <datafield tag="942" ind1=" " ind2=" ">
    <subfield code="2">ddc</subfield>
    <subfield code="c">BK</subfield>
  </datafield>
  <datafield tag="999" ind1=" " ind2=" ">
    <subfield code="c">82956</subfield>
    <subfield code="d">82956</subfield>
  </datafield>
  <datafield tag="952" ind1=" " ind2=" ">
    <subfield code="0">0</subfield>
    <subfield code="1">0</subfield>
    <subfield code="2">ddc</subfield>
    <subfield code="4">0</subfield>
    <subfield code="7">1</subfield>
    <subfield code="8">NFIC</subfield>
    <subfield code="a">RUCL</subfield>
    <subfield code="b">RUCL</subfield>
    <subfield code="c">Reading</subfield>
    <subfield code="d">1992-03-18</subfield>
    <subfield code="e">Golam Maqsud.Helali,,  Sirajgonj,  pabna,</subfield>
    <subfield code="l">0</subfield>
    <subfield code="o">F 891.558 SHS V-1 1905</subfield>
    <subfield code="r">2024-02-05 00:00:00</subfield>
    <subfield code="t">C-1</subfield>
    <subfield code="w">2024-02-05</subfield>
    <subfield code="y">BK</subfield>
  </datafield>
</record>
